000
00251nam a2200097Ia 4500
008
230915s9999 xx 000 0 und d
050
_a
P96.T42 S77 1997
100
_a
THOMAS STREISSGUTH
245
0
_a
COMMUNICATIONS; SENDING THE MESSAGE
942
_c
BK
999
_c
172900
_d
172900